| 000 | 00503nam a22001697a 4500 | ||
|---|---|---|---|
| 008 | 230706b |||||||| |||| 00| 0 eng d | ||
| 040 |
_aNational Science Library _cNational Science Library |
||
| 080 |
_a5/6:008 _bN1 |
||
| 100 | _aTiwari, Siddhi | ||
| 245 | _aविज्ञान और सभ्यता | ||
| 246 | _aVigyan aur sabhyata | ||
| 260 |
_aDelhi: _bAtmaram & Sons, _c1991 |
||
| 365 |
_b60.00 _cINR |
||
| 650 | _aHindi literature | ||
| 700 | _aTiwari, Ram Chander | ||
| 942 |
_2udc _cHBK |
||
| 999 |
_c50329 _d50329 |
||